Statystyki dla Z jakiego kraju pochodzi to jedzenie/picie?

Kliknij tutaj aby rozwiązać quiz!

Ogólne statystyki

  • Ten quiz został rozwiązany 3 693 razy
  • Średni wynik to 9 z 15

Statystyki odpowiedzi

HintOdpowiedź% Poprawnych
PastaWłochy
100%
PizzaWłochy
100%
BigosPolska
97%
SushiJaponia
95%
KebabTurcja
90%
Burger (państwo jest znane z tego)USA
83%
FrytkiBelgia
66%
HerbataWielka Brytania
61%
GulaszWęgry
59%
SajgonkiWietnam
46%
CurryTajlandia
32%
SzaszłykiGrecja
29%
Kawa (państwo jest znane z tego)Kolumbia
25%
Ziemniaki (państwo jest znane z tego)Białoruś
22%
Zupa z WołowinyTajwan
9%

Rozkład punktacji

Percentyl według liczby udzielonych odpowiedzi

Procent ludzi z każdym wynikiem

Twoja historia wyników

Nie rozwiązałeś tego quizu